000 00812cab a2200241 4500
001 WB2849-48
008 090401t1992 xxu||||| |||| 00| 0 eng d
035 _a(Sirsi) u46417
041 _aeng
245 _aComplaints against estate agents
260 _c1992
350 _a0
490 _aGuardian
_v16 December 1992, 4
490 _aDaily Telegraph
_v16 December 1992, 5(1)
520 _aThe Advertising Standards Authority have reported a wave of complaints against house builders and estate agents employing misleading claims to stimulate the depressed market.
650 _aADVERTISING STANDARDS
650 _aHOUSING MARKET
650 _aPROPERTY MISDESCRIPTIONS
650 _aPUBLICITY
690 _aMANAGEMENT-BUSINESS MANAGEMENT-PROFESSIONAL PRACTICE
942 _n0
948 _c04/03/1997
999 _c29366
_d29366